| 000 | 00463 a2200157 4500 | ||
|---|---|---|---|
| 003 | NUST | ||
| 038 | _aAtta | ||
| 082 | _aBEE-5 | ||
| 100 |
_aHafiz Wajid Munir _992222 |
||
| 245 |
_aBladeless Fan _cHafiz Wajid Munir |
||
| 260 |
_aIslamabad _bNUST-SEECS _c2012 |
||
| 300 |
_a55p. _b;ill. _c;27cm.+ _eCD ROM |
||
| 500 | _aSupervisors: Dr. Tauseef Tauqeer, Mr. Ahsan Azhar | ||
| 856 | _uhttp://10.250.8.41:8080/xmlui/handle/123456789/9270 | ||
| 942 |
_cPR _kBEE-5 WAJ _2ddc |
||
| 999 |
_c11295 _d11295 |
||